| 000 | 00815nam a2200217 i 4500 | ||
|---|---|---|---|
| 001 | 26089 | ||
| 003 | ES-MaACL | ||
| 005 | 20260115063026.0 | ||
| 007 | t| | ||
| 008 | 030107s1978 sp ||||1| spa d | ||
| 020 | _a84-7339-306-6 | ||
| 080 | _a850-22"15" | ||
| 100 | 1 |
_aAretino, Pietro, _d1492-1556 _922651 |
|
| 245 | 1 | 4 |
_aLos diálogos del divino Pedro Aretino : _bahora por vez primera puestos de la lengua toscana en castellano / _cPietro Aretino ; los traduce, anota y publica a su costa Joaquín López Barbadillo. |
| 260 |
_aMadrid : _bAkal, _c[1978] |
||
| 300 |
_a1 v. (XXXVI, 149 p.) ; _c20 cm. |
||
| 534 |
_pReprod. de la ed. de: _cMadrid : Joaquín López Barbadillo, 1914-1923. |
||
| 700 | 1 |
_aLópez Barbadillo, Joaquín. _973441 |
|
| 852 |
_aES-MaACL _jL-6815 |
||
| 999 |
_c26089 _d26089 |
||